000 00616nam a2200229 i 4500
001 C2-0071994
003 PPAK
005 20190630222204.0
008 970429s1989 enk |||| ||||| | eng d
040 _aPPAK
_beng
_cPPAK
_erda
082 0 4 _a820
_223
090 0 0 _a820
_bBLO
_dR
245 0 0 _aBloomsbury guide to English literature
250 _aWynne-Davies, Marion
264 1 _aLondon :
_bBloomsbury Publishing ,
_c1989
300 _ax, 1066 pages ;
_c24 cm
336 _2rdacontent
_atext
337 _2rdamedia
_aunmediated
338 _2rdacarrier
_avolume
650 1 0 _aEnglish literature
942 _ddc
_cB
999 _c9137
_d9137